Statistiques concernant Focus sur: Lord Voldemort - Harry Potter

Cliquez ici pour prendre le quiz!

Statistiques générales

  • Ce quiz a été pris 1 145 fois
  • Le résultat moyen est 11 sur 14

Statistiques - réponses

Informations recherchéesRéponses% Correct
Espèce de l'animal de compagnieSerpent
99%
Véritable identitéTom Elvis Jedusor
99%
Ecole fréquentéePoudlard
98%
PèreTom Jedusor Sr.
98%
Maison fréquentéeSerpentard
97%
Nom de l'animal de compagnieNagini
96%
Statut du sangSang-Mêlé
96%
Première apparitionHarry Potter à l'école des sorciers
94%
Intérieur de la baguettePlume de phénix/Crin de Sombral
83%
MèreMerope Gaunt
65%
Bois de la baguetteIf/Sureau
48%
Acteur l'interprétant dans les filmsRalph Fiennes
47%
FilleDelphini Jedusor
36%
ProfessionVendeur chez Barjow et Beurk
28%

Distribution des résultats

Percentile par nombre de réponses

% des personnes avec chaque résultat

Votre développement - résultats

Vous n’avez pas pris ce quiz